Global corporate power / (Record no. 16197)

000 -LEADER
fixed length control field 01122cam a22002894a 4500
001 - CONTROL NUMBER
control field 14137599
005 - DATE AND TIME OF LATEST TRANSACTION
control field 20170105102934.0
008 - FIXED-LENGTH DATA ELEMENTS--GENERAL INFORMATION
fixed length control field 051011s2006 cou b 001 0 eng
010 ## - LIBRARY OF CONGRESS CONTROL NUMBER
LC control number 2005029752
020 ## - INTERNATIONAL STANDARD BOOK NUMBER
International Standard Book Number 158826436X (hardcover : alk. paper)
040 ## - CATALOGING SOURCE
Original cataloging agency DLC
Transcribing agency DLC
Modifying agency DLC
042 ## - AUTHENTICATION CODE
Authentication code pcc
050 00 - LIBRARY OF CONGRESS CALL NUMBER
Classification number HF1410
Item number .I579 vol. 15
Classification number HD2755.5
082 00 - DEWEY DECIMAL CLASSIFICATION NUMBER
Classification number 338.88
Edition number 22
Author Mark KHA 2007
245 00 - TITLE STATEMENT
Title Global corporate power /
Statement of responsibility, etc. edited by Christopher May.
260 ## - PUBLICATION, DISTRIBUTION, ETC.
Place of publication, distribution, etc. Boulder, Colo. :
Name of publisher, distributor, etc. Lynne Rienner Publishers.,
Date of publication, distribution, etc. 2007.
300 ## - PHYSICAL DESCRIPTION
Extent vii, 330 p. ;
Dimensions 24 cm.
440 #0 - SERIES STATEMENT/ADDED ENTRY--TITLE
Title International political economy yearbook ;
Volume/sequential designation v. 15
504 ## - BIBLIOGRAPHY, ETC. NOTE
Bibliography, etc. note Includes bibliographical references (p. 283-318) and index.
650 #0 - SUBJECT ADDED ENTRY--TOPICAL TERM
Topical term or geographic name entry element International business enterprises.
650 #0 - SUBJECT ADDED ENTRY--TOPICAL TERM
Topical term or geographic name entry element Corporate governance.
700 1# - ADDED ENTRY--PERSONAL NAME
Personal name May, Christopher,
Dates associated with a name 1960-
856 41 - ELECTRONIC LOCATION AND ACCESS
Materials specified Table of contents only
Uniform Resource Identifier <a href="http://www.loc.gov/catdir/toc/ecip061/2005029752.html">http://www.loc.gov/catdir/toc/ecip061/2005029752.html</a>
906 ## - LOCAL DATA ELEMENT F, LDF (RLIN)
a 7
b cbc
c orignew
d 1
e ecip
f 20
g y-gencatlg
942 ## - ADDED ENTRY ELEMENTS (KOHA)
Source of classification or shelving scheme
Koha item type Book
Holdings
Withdrawn status Lost status Damaged status Not for loan Collection code Permanent Location Current Location Shelving location Date acquired Total Checkouts Full call number Barcode Date last seen Price effective from Koha item type
          Central Library (CL) Central Library (CL) General Stacks 08/20/2015   338.88 GLO 2007 CIPS0002642 08/20/2015 08/20/2015 Book
© 2023 Central Library, National University of Sciences and Technology. All Rights Reserved.